The global coastal ocean. Multiscale Interdisciplinary Processes

I tiakina i:
Ngā taipitopito rārangi puna kōrero
Ētahi atu kaituhi: Robinson, Allan R. (Editor), Brink, Kenneth (Editor)
Hōputu: Tē mōhiotia
Reo:Ingarihi
I whakaputaina: Cambridge, MA., USA. Harvard University Press, 2005
Rangatū:The sea. Ideas and observations on progress in the study of the seas. v.13
Ngā marau:
Ngā Tūtohu: Tāpirihia he Tūtohu
Kāore He Tūtohu, Me noho koe te mea tuatahi ki te tūtohu i tēnei pūkete!

MARC

LEADER 00000 a2200000 4500
003 CL-VaPUC
005 20210827120716.0
008 210513b ||||| |||| 00| 0 eng d
999 |c 432956  |d 432954 
020 |a 9780674015265 
040 |c Pontificia Universidad Católica de Valparaíso 
082 |a 551.46 ROB 2005 
100 |a Robinson, Allan R.   |9 860889  |e editor 
245 |a The global coastal ocean.   |b Multiscale Interdisciplinary Processes 
260 |a Cambridge, MA., USA.  |b Harvard University Press,  |c 2005 
300 |a 1033 páginas  
490 |a The sea. Ideas and observations on progress in the study of the seas.  |v  v.13  
505 |a v.13 The global coastal ocean. Multiscale Interdisciplinary Processes 
583 |k Cristina Rojas  |c 20210513 
650 0 |9 260014  |a Oceanografía 
650 0 |9 259962  |a Geología submarina  
700 |a Brink, Kenneth  |e editor  |9 862355 
942 |2 ddc  |c BK 
952 |0 0  |1 0  |2 ddc  |4 0  |6 551_460000000000000_ROB_2005  |7 0  |8 A  |9 578530  |a BIBCUR  |b BIBCUR  |d 2021-07-30  |e 79  |g 231864.94  |h v.13  |i 558700K  |o 551.46 ROB 2005  |p 558700K  |r 2025-04-22  |t 1  |v 231864.94  |w 2021-07-30  |y BK  |k CIM